Logo BPK

Biblioteka

Politechniki Koszalińskiej

Implementing the learner-centred curriculum : (Rekord nr 48218)

Szczegóły MARC
000 -ETYKIETA REKORDU
podpole kontrolne o stałej długości 01011nam a2200229 i 4500
001 - NUMER KONTROLNY REKORDU
pole kontrolne bgj
020 ## - MIĘDZYNARODOWY ZNORMALIZOWANY NUMER KSIĄŻKI - ISBN
ISBN 0724382208 (pbk)
040 ## - ŹRÓDŁO KATALOGOWANIA
Instytucja, która utworzyła rekord BPK
041 0# - KOD JĘZYKA
Kod języka tekstu eng
920 ## - Międzynarodowy znormalizowany numer książki – ISBN
ISBN 0-7243-8220-8 (pbk)
008 - POLE O STAŁEJ DŁUGOŚCI - DANE KONTROLNE
podpole kontrolne o stałej długości s uk f |000 0 eng
245 00 - TYTUŁ/ODPOWIEDZIALNOŚĆ
Tytuł Implementing the learner-centred curriculum :
Ciąg dalszy tytułu NCP seminar plenary papers /
Pozostałe elementy strefy tytułu i oznaczenia odpowiedzialności edited by Jill Burton.
260 ## - STREFA ADRESU WYDAWNICZEGO
Miejsce wydania Adelaide, Australia :
Nazwa wydawcy/dystrybutora National Curriculum Resource Centre,
Data publikacji, dystrybucji/powstania dokumentu 1987.
300 ## - STREFA OPISU FIZYCZNEGO
Objętość 156 pp ;
Rozmiary 21 cm.
490 1# - STREFA SERII I DOKUMENTU WIELOCZĘŚCIOWEGO - FORMA NIE DO WYSZUKIWANIA
Tytuł i oznaczenie odpowiedzialności serii NCRC Research / editor : Jill Burton. National Curriculum Project,
ISSN 0817-945X
504 ## - UWAGA DOTYCZĄCA BIBLIOGRAFII
Informacje o bibliografii References after each chapter.
505 ## - SFORMALIZOWANA UWAGA DOTYCZĄCA ZAWARTOŚCI
Pełny tekst uwagi NCP seminar held in Adelaide in November 1986 for AMEP.
650 #9 - HASŁO PRZEDMIOTOWE W FORMIE NAZWY OGÓLNEJ LUB JEDNOSTKOWEJ
Nazwa ogólna lub geograficzna Language and languages
Określnik ogólny Study and teaching
-- Foreign speakers
711 2# - HASŁO DODATKOWE - NAZWA IMPREZY
Nazwa imprezy National Curriculum Resource Centre
Nazwa jednostki podrzędnej Adult Migrant Education Program.
Nazwa imprezy National Curriculum Project Seminar
Data imprezy (1986 ;
Miejsce imprezy Adelaide, Australia)
830 #0 - HASŁO DODATKOWE SERII LUB DOKUMENTU WIELOCZĘŚCIOWEGO - TYTUŁ UJEDNOLICONY
Tytuł ujednolicony NCRC Research (editor : Jill Burton).
Nazwa części/sekcji dzieła National Curriculum Project
856 ## - LOKALIZACJA I DOSTĘP DO ELEKTRONICZNYCH DOKUMENTÓW ZDALNYCH
Link (URL) http://koha.tu.koszalin.pl/cgi-bin/koha/opac-detail.pl?biblionumber=48218
Tekst linku Katalog online BPK
942 ## - DODATKOWE ELEMENTY (KOHA)
Typ dokumentu Książka
Egzemplarze
Wycofany Status egzemplarza Uszkodzony Dostępność Lokalizacja stała Lokalizacja bieżąca Miejsce przechowywania Sygnatura Kod kreskowy Typ dokumentu
      Tylko na miejscu Biblioteka Politechniki Koszalińskiej Biblioteka Politechniki Koszalińskiej Czytelnia Wydziałowa ul. Kwiatkowskiego 6e KA 5439 09030350 Książka
© 2023 Biblioteka Politechniki Koszalińskiej :: KOHA